00399nam a2200193Ia 4500003000900000008004100009040001300050040001300063041000800076100002900084245001600113250001200129260001200141260000900153300001100162300001000173490001600183490000600199IT-RoPAU120407s9999 xx 000 0 und d aIT-RoPAU cIT-RoPAU aita aLev Nikolàevic Tolstoi aI Cosacchi. aMilano  aRizzoli c1952 a183 p. c16 cm a(Bur, 453) v1